MAASAI MARA UNIVERSITY

LIBRARY CATALOGUE

Contact Us: +254 020 2685356/7 or 0774 057787

Box: 861-20500, NAROK, KENYA

Email: info@mmarau.ac.ke

_Chemistry: Alife science approach (Record no. 6122)

MARC details
000 -LEADER
fixed length control field 00418nam a2200157Ia 4500
008 - FIXED-LENGTH DATA ELEMENTS--GENERAL INFORMATION
fixed length control field 151021s9999 xx 000 0 und d
020 ## - INTERNATIONAL STANDARD BOOK NUMBER
International Standard Book Number 23065206
050 ## - LIBRARY OF CONGRESS CALL NUMBER
Classification number QD31.2.B39
245 ## - TITLE STATEMENT
Title _Chemistry: Alife science approach
260 ## - PUBLICATION, DISTRIBUTION, ETC. (IMPRINT)
Place of publication, distribution, etc. New york Macmillan
300 ## - PHYSICAL DESCRIPTION
Extent XX,746p;ill.
500 ## - GENERAL NOTE
General note includes index
650 ## - SUBJECT ADDED ENTRY--TOPICAL TERM
Topical term or geographic name as entry element _Chemistry
700 ## - ADDED ENTRY--PERSONAL NAME
Personal name _charles W.J.Scaifer
980 ## - EQUIVALENCE OR CROSS-REFERENCE-SERIES STATEMENT--PERSONAL NAME/TITLE [LOCAL, CANADA]
Personal name ^d20110118 03:28:33^okorir

No items available.

© 2016 Maasai Mara University.